[Event "Muensterland Regionalliga playoff 1-4"]
[Site "Germany"]
[Date "2023.05.06"]
[Round "2.8"]
[White "Reinhold, Klaus"]
[Black "Welzel, Wilhelm"]
[Result "1/2-1/2"]
[WhiteElo "1786"]
[BlackElo "1527"]
[PlyCount "54"]
[EventDate "2022.03.18"]
[EventType "team-k.o."]
[EventRounds "2"]
[EventCountry "GER"]
[SourceTitle "EXT 2024"]
[Source "ChessBase"]
[SourceDate "2023.10.10"]
[SourceVersion "1"]
[SourceVersionDate "2023.10.10"]
[SourceQuality "1"]
[WhiteTeam "Gronau"]
[BlackTeam "Saerbeck"]
[WhiteTeamCountry "GER"]
[BlackTeamCountry "GER"]

1. d4 Nf6 2. c4 g6 3. Nc3 Bg7 4. e4 d6 5. Nf3 Nbd7 6. e5 dxe5 7. dxe5 Ng4 8. e6 fxe6 9. Ng5 Nde5 10. Qxd8+ Kxd8 11. Be2 h6 12. Nge4 Nf6 13. 0-0 Bd7 14. Rd1 Ke8 15. Bf4 Nxe4 16. Nxe4 Bc6 17. Nc3 Kf7 18. Rd2 Rhd8 19. Rad1 Rxd2 20. Rxd2 Ke8 21. c5 Rd8 22. Nb5 Bxb5 23. Bxb5+ c6 24. Rxd8+ Kxd8 25. Be2 Ke8 26. b3 Kf7 27. Be3 g5 1/2-1/2

[Event "Muensterland Verbandsklasse 1819"]
[Site "Germany"]
[Date "2019.04.06"]
[Round "8.8"]
[White "Engfer, Klaus"]
[Black "Welzel, Wilhelm"]
[Result "1/2-1/2"]
[WhiteElo "1581"]
[BlackElo "1566"]
[PlyCount "49"]
[EventDate "2018.09.15"]
[EventType "team-tourn"]
[EventRounds "9"]
[EventCountry "GER"]
[SourceTitle "EXT 2020"]
[Source "ChessBase"]
[SourceDate "2019.10.17"]
[SourceVersion "1"]
[SourceVersionDate "2019.10.17"]
[SourceQuality "1"]
[WhiteTeam "Rheine Klein Berlin II"]
[BlackTeam "Ibbenbueren"]
[WhiteTeamCountry "GER"]
[BlackTeamCountry "GER"]

1. e4 c5 2. Bc4 Nc6 3. Nf3 d6 4. h3 Nf6 5. Qe2 a6 6. 0-0 b5 7. Bd5 Nxd5 8. exd5 Nb4 9. d3 Nxd5 10. c4 Nf6 11. Bg5 Be6 12. Nc3 b4 13. Ne4 Qd7 14. b3 h6 15. Bh4 Nxe4 16. Qxe4 d5 17. cxd5 Bxd5 18. Qe3 e6 19. Ne5 Qb7 20. f3 Bd6 21. Nc4 Qc6 22. Nxd6+ Qxd6 23. Bf2 Rc8 24. Rac1 0-0 25. Rxc5 1/2-1/2

[Event "Steinfurt Bezirksliga 1819"]
[Site "Germany"]
[Date "2019.01.26"]
[Round "6.5"]
[White "Welzel, Wilhelm"]
[Black "Woeste, Georg"]
[Result "0-1"]
[WhiteElo "1528"]
[BlackElo "1719"]
[PlyCount "43"]
[EventDate "2018.09.01"]
[EventType "team-tourn"]
[EventRounds "10"]
[EventCountry "GER"]
[SourceTitle "EXT 2020"]
[Source "ChessBase"]
[SourceDate "2019.10.17"]
[SourceVersion "1"]
[SourceVersionDate "2019.10.17"]
[SourceQuality "1"]
[WhiteTeam "Ibbenbueren II"]
[BlackTeam "Reckenfeld"]
[WhiteTeamCountry "GER"]
[BlackTeamCountry "GER"]

1. e4 c5 2. d4 cxd4 3. c3 dxc3 4. Nxc3 Nc6 5. Nf3 d6 6. Bc4 e6 7. 0-0 Be7 8. Qe2 a6 9. Rd1 b5 10. Bb3 Na5 11. Bf4 Nxb3 12. axb3 Bb7 13. Bxd6 Nf6 14. e5 Nd5 15. Nxd5 Bxd5 16. Rxa6 Rxa6 17. Qxb5+ Rc6 18. Rxd5 Qd7 19. Rd1 Rxd6 20. Qb8+ Qd8 21. Qxd8+ Rxd8 22. Rxd8+ 0-1

[Event "Steinfurt Bezirksliga 1819"]
[Site "Germany"]
[Date "2018.09.22"]
[Round "2.4"]
[White "Gutjahr, Vladimir"]
[Black "Welzel, Wilhelm"]
[Result "0-1"]
[WhiteElo "1418"]
[BlackElo "1528"]
[PlyCount "70"]
[EventDate "2018.09.01"]
[EventType "team-tourn"]
[EventRounds "10"]
[EventCountry "GER"]
[SourceTitle "EXT 2020"]
[Source "ChessBase"]
[SourceDate "2019.10.17"]
[SourceVersion "1"]
[SourceVersionDate "2019.10.17"]
[SourceQuality "1"]
[WhiteTeam "Steinfurt III"]
[BlackTeam "Ibbenbueren II"]
[WhiteTeamCountry "GER"]
[BlackTeamCountry "GER"]

1. d4 Nf6 2. Nf3 g6 3. c3 Bg7 4. Bf4 0-0 5. Qc1 d6 6. Bh6 Nbd7 7. Bxg7 Kxg7 8. Na3 e5 9. e3 e4 10. Nd2 d5 11. Be2 Re8 12. 0-0 Nf8 13. b3 h5 14. f3 exf3 15. Nxf3 Ng4 16. Nc2 Qe7 17. Re1 Bf5 18. Bf1 Rac8 19. Qd2 Nd7 20. Re2 Ndf6 21. h3 Ne4 22. Qe1 Nh6 23. Nb4 Qd6 24. Nh4 a5 25. Nc2 Ng3 26. Rf2 c5 27. dxc5 Qxc5 28. Nd4 Qxc3 29. Rf3 Qxe1 30. Rxe1 Ne4 31. Nhxf5+ Nxf5 32. Nxf5+ gxf5 33. Rxf5 Nf6 34. Bb5 Re6 35. Bd7 Nxd7 0-1

[Event "Steinfurt Bezirksliga 1718"]
[Site "Germany"]
[Date "2017.12.02"]
[Round "3.7"]
[White "Welzel, Wilhelm"]
[Black "Edenfeld, Werner"]
[Result "1-0"]
[WhiteElo "1555"]
[BlackElo "1280"]
[PlyCount "77"]
[EventDate "2017.09.23"]
[EventType "team-tourn"]
[EventRounds "7"]
[EventCountry "GER"]
[SourceTitle "EXT 2019"]
[Source "ChessBase"]
[SourceDate "2018.10.10"]
[SourceVersion "1"]
[SourceVersionDate "2018.10.10"]
[SourceQuality "1"]
[WhiteTeam "Ibbenbueren"]
[BlackTeam "Steinfurt III"]
[WhiteTeamCountry "GER"]
[BlackTeamCountry "GER"]

1. e4 e5 2. Nf3 d6 3. Nc3 Nf6 4. Bc4 h6 5. d4 Nbd7 6. 0-0 c6 7. a3 Be7 8. Re1 0-0 9. b4 Nb6 10. Ba2 Bg4 11. Be3 Nh7 12. dxe5 Bxf3 13. Qxf3 dxe5 14. Qg3 Kh8 15. Qxe5 Bf6 16. Qc5 Qe7 17. Qxe7 Bxe7 18. f4 f6 19. Rad1 Rad8 20. Be6 g5 21. f5 h5 22. a4 g4 23. Bc5 Bxc5+ 24. bxc5 Na8 25. Rd6 Ng5 26. Red1 Rxd6 27. Rxd6 Nc7 28. Rd7 Ncxe6 29. fxe6 Nxe6 30. Rxb7 Nxc5 31. Rxa7 f5 32. Rc7 fxe4 33. Rxc6 Rf5 34. a5 e3 35. a6 Nxa6 36. Rxa6 Rc5 37. Ra3 Kg7 38. Kf1 Kf6 39. h3 1-0

[Event "Steinfurt Bezirksliga 1718"]
[Site "Germany"]
[Date "2017.11.11"]
[Round "2.7"]
[White "Mueller, Johanna Franziska"]
[Black "Welzel, Wilhelm"]
[Result "1-0"]
[WhiteElo "1431"]
[BlackElo "1555"]
[PlyCount "63"]
[EventDate "2017.09.23"]
[EventType "team-tourn"]
[EventRounds "7"]
[EventCountry "GER"]
[SourceTitle "EXT 2019"]
[Source "ChessBase"]
[SourceDate "2018.10.10"]
[SourceVersion "1"]
[SourceVersionDate "2018.10.10"]
[SourceQuality "1"]
[WhiteTeam "Emsdetten Rochade V"]
[BlackTeam "Ibbenbueren"]
[WhiteTeamCountry "GER"]
[BlackTeamCountry "GER"]

1. e4 c5 2. Nf3 d6 3. Bc4 e6 4. 0-0 Nf6 5. d3 g6 6. Nbd2 Nc6 7. Re1 Qc7 8. c3 Bg7 9. d4 cxd4 10. cxd4 0-0 11. Bb3 Bd7 12. Nf1 Rac8 13. Ng3 Na5 14. h3 Nxb3 15. Qxb3 b5 16. e5 Nd5 17. Bd2 dxe5 18. dxe5 Qc4 19. Ne4 Qc6 20. Rac1 Qa8 21. Nd6 Rxc1 22. Rxc1 f6 23. exf6 Bxf6 24. Bh6 Rd8 25. Bg5 Qb8 26. Ne4 Kg7 27. Bxf6+ Nxf6 28. Nxf6 Kxf6 29. Qc3+ Kf7 30. Ng5+ Kg8 31. Qf6 Rf8 32. Qe7 1-0

[Event "Steinfurt Bezirksliga 1617"]
[Site "Germany"]
[Date "2017.03.04"]
[Round "7.7"]
[White "Muhmann, Reinhard"]
[Black "Welzel, Wilhelm"]
[Result "1/2-1/2"]
[WhiteElo "1417"]
[BlackElo "1560"]
[PlyCount "73"]
[EventDate "2016.09.24"]
[EventType "team"]
[EventRounds "9"]
[EventCountry "GER"]
[SourceTitle "EXT 2018"]
[Source "ChessBase"]
[SourceDate "2017.10.13"]
[SourceVersion "1"]
[SourceVersionDate "2017.10.13"]
[SourceQuality "1"]
[WhiteTeam "Emsdetten Rochade IV"]
[BlackTeam "Ibbenbueren"]
[WhiteTeamCountry "GER"]
[BlackTeamCountry "GER"]

1. d4 Nf6 2. Nf3 g6 3. Bf4 Bg7 4. e3 d6 5. c4 0-0 6. h3 Nbd7 7. Qc2 Re8 8. Be2 c5 9. 0-0 cxd4 10. exd4 e5 11. dxe5 dxe5 12. Bh2 Qb6 13. Nc3 e4 14. Ne1 Nc5 15. Rd1 Bf8 16. Nd5 Nxd5 17. cxd5 Bd6 18. Bxd6 Qxd6 19. a3 Re5 20. Bc4 Bd7 21. b4 Na4 22. Qb3 Rc8 23. Nc2 Nb6 24. Ne3 Ba4 25. Qa2 Bxd1 26. Rxd1 f5 27. Bb3 Re7 28. a4 f4 29. Ng4 Rf7 30. Nh6+ Kg7 31. Nxf7 Kxf7 32. a5 Nd7 33. Qd2 Kf6 34. Qd4+ Kf5 35. Re1 Nf6 36. Bd1 h5 37. Bb3 1/2-1/2

[Event "Steinfurt Bezirksliga 1617"]
[Site "Germany"]
[Date "2017.02.11"]
[Round "6.8"]
[White "Roewekamp, Helmut"]
[Black "Welzel, Wilhelm"]
[Result "1-0"]
[WhiteElo "1627"]
[BlackElo "1560"]
[PlyCount "46"]
[EventDate "2016.09.24"]
[EventType "team"]
[EventRounds "9"]
[EventCountry "GER"]
[SourceTitle "EXT 2018"]
[Source "ChessBase"]
[SourceDate "2017.10.13"]
[SourceVersion "1"]
[SourceVersionDate "2017.10.13"]
[SourceQuality "1"]
[WhiteTeam "Reckenfeld"]
[BlackTeam "Ibbenbueren"]
[WhiteTeamCountry "GER"]
[BlackTeamCountry "GER"]

1. e4 c5 2. Nf3 d6 3. Bc4 Nf6 4. d3 g6 5. c3 e6 6. Nbd2 Bg7 7. Nf1 a6 8. e5 dxe5 9. Nxe5 0-0 10. Ng3 Nd5 11. Nf3 b5 12. Bb3 Bb7 13. 0-0 Nd7 14. d4 cxd4 15. Nxd4 Nc5 16. Bc2 Rc8 17. Nf3 Qc7 18. Ne4 Nxe4 19. Bxe4 Nxc3 20. bxc3 Bxe4 21. Bb2 Bxc3 22. Rc1 Bxf3 23. Qxf3 Qe5 1-0

[Event "Steinfurt Bezirksliga 1516"]
[Site "Germany"]
[Date "2015.09.19"]
[Round "1.5"]
[White "Welzel, Wilhelm"]
[Black "Werremeyer, Achim"]
[Result "0-1"]
[WhiteElo "1574"]
[BlackElo "1700"]
[PlyCount "92"]
[EventDate "2015.09.19"]
[EventType "team-tourn"]
[EventRounds "9"]
[EventCountry "GER"]
[SourceTitle "EXT 2017"]
[Source "ChessBase"]
[SourceDate "2016.10.25"]
[SourceVersion "1"]
[SourceVersionDate "2016.10.25"]
[SourceQuality "1"]
[WhiteTeam "Ibbenbueren II"]
[BlackTeam "Ibbenbueren"]
[WhiteTeamCountry "GER"]
[BlackTeamCountry "GER"]

1. e4 c6 2. Nf3 d5 3. exd5 cxd5 4. g3 Nf6 5. d3 Nc6 6. Bg2 Bg4 7. Nbd2 e5 8. 0-0 Bd6 9. h3 Be6 10. Ng5 Bf5 11. Re1 h6 12. Ngf3 0-0 13. Nf1 Qc7 14. g4 Be6 15. g5 hxg5 16. Nxg5 Nd4 17. Ne3 Rad8 18. c3 Nf5 19. Ng4 Nxg4 20. Qxg4 Qd7 21. Qh5 Rfe8 22. Nh7 f6 23. f4 Bf7 24. Nxf6+ gxf6 25. Qg4+ Kh8 26. fxe5 Rg8 27. e6 Rxg4 28. exd7 Rg3 29. Rf1 Nh4 30. Rxf6 Rxg2+ 31. Kh1 Rxd7 32. Rh6+ Kg8 33. Rxh4 Rh2+ 34. Kg1 Be6 35. Bf4 Bxf4 36. Rxf4 Rxb2 37. Rf3 Rg7+ 38. Kf1 Rgg2 39. Re1 Rh2 40. Rg3+ Kf7 41. Rf3+ Kg7 42. Rg3+ Kf6 43. Rf3+ Kg5 44. Re5+ Kh4 45. Kg1 Bxh3 46. Rxd5 Rhg2+ 0-1

[Event "Steinfurt Bezirksliga 1314"]
[Site "Germany"]
[Date "2014.03.22"]
[Round "7.6"]
[White "Winter, Reinhold"]
[Black "Welzel, Wilhelm"]
[Result "1-0"]
[WhiteElo "1547"]
[BlackElo "1530"]
[PlyCount "77"]
[EventDate "2013.09.14"]
[EventType "team-tourn"]
[EventRounds "9"]
[EventCountry "GER"]
[SourceTitle "EXT 2015"]
[Source "ChessBase"]
[SourceDate "2014.11.20"]
[SourceVersion "1"]
[SourceVersionDate "2014.11.20"]
[SourceQuality "1"]
[WhiteTeam "Neuenkirchen II"]
[BlackTeam "Ibbenbueren II"]
[WhiteTeamCountry "GER"]
[BlackTeamCountry "GER"]

1. c4 Nf6 2. d4 g6 3. Nc3 Bg7 4. g3 d6 5. Bg2 0-0 6. Bg5 h6 7. Bxf6 Bxf6 8. Qd2 e5 9. d5 Nd7 10. Bh3 Bg5 11. e3 Nc5 12. Bxc8 Qxc8 13. b4 Nd7 14. Nf3 Be7 15. 0-0 Nf6 16. Kg2 Qg4 17. e4 Nxe4 18. Nxe4 Qxe4 19. Qxh6 Qxc4 20. Rfc1 Qxd5 21. Rxc7 e4 22. Rxe7 exf3+ 23. Kg1 Rfe8 24. Qe3 Rxe7 25. Qxe7 Qe6 26. Qxb7 Re8 27. Qxf3 Qe5 28. Rd1 Re6 29. Qa8+ Kg7 30. Qxa7 Qe2 31. Qd4+ f6 32. Qd2 Qf3 33. Qd3 Re1+ 34. Rxe1 Qxd3 35. a4 Kf7 36. b5 d5 37. b6 Qb3 38. a5 Kf8 39. Rc1 1-0

[Event "Steinfurt Bezirksliga 1314"]
[Site "Germany"]
[Date "2013.12.14"]
[Round "4.7"]
[White "Winkelsett, Carsten"]
[Black "Welzel, Wilhelm"]
[Result "1/2-1/2"]
[WhiteElo "1534"]
[BlackElo "1530"]
[PlyCount "48"]
[EventDate "2013.09.14"]
[EventType "team-tourn"]
[EventRounds "9"]
[EventCountry "GER"]
[SourceTitle "EXT 2015"]
[Source "ChessBase"]
[SourceDate "2014.11.20"]
[SourceVersion "1"]
[SourceVersionDate "2014.11.20"]
[SourceQuality "1"]
[WhiteTeam "Reckenfeld"]
[BlackTeam "Ibbenbueren II"]
[WhiteTeamCountry "GER"]
[BlackTeamCountry "GER"]

1. Nf3 c5 2. d4 cxd4 3. Nxd4 Nf6 4. c4 Nc6 5. Nc3 Nxd4 6. Qxd4 d6 7. g3 Bd7 8. Bg2 Bc6 9. 0-0 e5 10. Qd3 Be7 11. Nd5 0-0 12. Rd1 Nxd5 13. Bxd5 Qd7 14. b3 Bxd5 15. Qxd5 Qc6 16. Ba3 Rfd8 17. Rd2 Rd7 18. Rad1 Rad8 19. c5 Qxd5 20. Rxd5 f6 21. Bb4 Kf7 22. Ba5 Rc8 23. cxd6 Bd8 24. Bxd8 Rcxd8 1/2-1/2

[Event "Steinfurt Bezirksliga 1314"]
[Site "Germany"]
[Date "2013.09.14"]
[Round "1.7"]
[White "Nieland, Helmut"]
[Black "Welzel, Wilhelm"]
[Result "1/2-1/2"]
[WhiteElo "1264"]
[BlackElo "1530"]
[PlyCount "66"]
[EventDate "2013.09.14"]
[EventType "team-tourn"]
[EventRounds "9"]
[EventCountry "GER"]
[SourceTitle "EXT 2015"]
[Source "ChessBase"]
[SourceDate "2014.11.20"]
[SourceVersion "1"]
[SourceVersionDate "2014.11.20"]
[SourceQuality "1"]
[WhiteTeam "Emsdetten Turm III"]
[BlackTeam "Ibbenbueren II"]
[WhiteTeamCountry "GER"]
[BlackTeamCountry "GER"]

1. d4 Nf6 2. c4 d6 3. Nc3 g6 4. Nf3 Bg7 5. e3 Nbd7 6. Be2 0-0 7. 0-0 e5 8. d5 a5 9. b3 Nc5 10. Ba3 Nce4 11. Nxe4 Nxe4 12. Rc1 b6 13. Nd2 Nxd2 14. Qxd2 f5 15. Rcd1 Bd7 16. Bb2 Qe7 17. g3 Rad8 18. f4 g5 19. fxe5 dxe5 20. d6 cxd6 21. Qxd6 Qxd6 22. Rxd6 Bc8 23. Rfd1 Rxd6 24. Rxd6 f4 25. exf4 gxf4 26. gxf4 Rxf4 27. Ba3 Bh3 28. Rd3 Be6 29. Bh5 Rd4 30. Rxd4 exd4 31. Kf2 a4 32. Bd1 axb3 33. Bxb3 Kf7 1/2-1/2

[Event "Muensterland Verbandsklasse-A 1213"]
[Site "Germany"]
[Date "2013.04.20"]
[Round "8.8"]
[White "Vinkelau, Heinz"]
[Black "Welzel, Wilhelm"]
[Result "1/2-1/2"]
[WhiteElo "1498"]
[BlackElo "1514"]
[PlyCount "114"]
[EventDate "2012.09.15"]
[EventType "team-tourn"]
[EventRounds "9"]
[EventCountry "GER"]
[SourceTitle "EXT 2015"]
[Source "ChessBase"]
[SourceDate "2014.11.20"]
[SourceVersion "1"]
[SourceVersionDate "2014.11.20"]
[SourceQuality "1"]
[WhiteTeam "Metelen"]
[BlackTeam "Ibbenbueren"]
[WhiteTeamCountry "GER"]
[BlackTeamCountry "GER"]

1. c4 Nf6 2. Nc3 g6 3. Nf3 d6 4. d4 Bg7 5. e4 Nbd7 6. Qc2 e5 7. d5 a5 8. Be3 0-0 9. Be2 Re8 10. 0-0 Nf8 11. Nd2 Ng4 12. h3 Nxe3 13. fxe3 Qg5 14. Rf3 f5 15. Raf1 f4 16. exf4 exf4 17. Qd3 Be5 18. Nb5 Re7 19. b3 Nd7 20. Kh1 Nc5 21. Qc2 c6 22. Nc3 Nd7 23. R3f2 Qf6 24. Nd1 g5 25. Ne3 Bd4 26. Ng4 Qg7 27. Rf3 h5 28. Nh2 Ne5 29. Rd3 Nxd3 30. Qxd3 Qh8 31. Bxh5 Rh7 32. Bg4 Bxg4 33. Nxg4 Rh4 34. Nh2 c5 35. Ndf3 Rh5 36. Ng4 Rf8 37. Re1 Rf7 38. e5 dxe5 39. Qg6+ Kf8 40. Nxg5 Rxg5 41. Qxg5 f3 42. Qd8+ Kg7 43. Qxh8+ Kxh8 44. gxf3 Rxf3 45. Nxe5 Rf2 46. d6 Rd2 47. d7 Bxe5 48. Rxe5 Rxd7 49. Rxc5 Rd1+ 50. Kg2 Rd2+ 51. Kf3 Rxa2 52. Rb5 a4 53. Rxb7 Rb2 54. c5 axb3 55. c6 Rc2 56. c7 b2 57. Rxb2 Rxc7 1/2-1/2

[Event "Steinfurt Bezirksliga 1112"]
[Site "Germany"]
[Date "2012.06.02"]
[Round "9.3"]
[White "Welzel, Wilhelm"]
[Black "Gaupel, Michael"]
[Result "1-0"]
[WhiteElo "1544"]
[BlackElo "1406"]
[PlyCount "117"]
[EventDate "2011.10.01"]
[EventType "team-tourn"]
[EventRounds "9"]
[EventCountry "GER"]
[SourceTitle "EXT 2013"]
[Source "ChessBase"]
[SourceDate "2012.11.22"]
[SourceVersion "1"]
[SourceVersionDate "2012.11.22"]
[SourceQuality "1"]
[WhiteTeam "Ibbenbueren II"]
[BlackTeam "Steinfurt III"]
[WhiteTeamCountry "GER"]
[BlackTeamCountry "GER"]

1. e4 e5 2. Nf3 Nf6 3. d3 Nc6 4. c3 Bc5 5. Be2 0-0 6. 0-0 d6 7. Bg5 h6 8. Be3 Bxe3 9. fxe3 Ng4 10. Qd2 f5 11. Na3 fxe4 12. dxe4 Qf6 13. Nd4 Qh4 14. Rxf8+ Kxf8 15. Rf1+ Kg8 16. Bxg4 Bxg4 17. Nf5 Qg5 18. Qf2 Rf8 19. Nxh6+ Qxh6 20. Qxf8+ Kh7 21. Nc2 Na5 22. Qd8 Be2 23. Rf8 Qe6 24. Qh4+ Kg6 25. Ne1 Nc4 26. Qf2 Bg4 27. b3 Nb6 28. Qg3 Nd7 29. Rf1 Kh6 30. h3 Bh5 31. Rf5 g6 32. Qg5+ Kh7 33. Rf2 Nc5 34. Qh4 Kh6 35. g4 Nxe4 36. gxh5 Nxf2 37. Qxf2 Qxh3 38. hxg6 Qg4+ 39. Qg2 Qxg2+ 40. Kxg2 Kxg6 41. Kf3 Kf5 42. e4+ Kg5 43. Ng2 a6 44. Ne3 c6 45. Nc4 d5 46. Nxe5 Kf6 47. Nd3 dxe4+ 48. Kxe4 b6 49. Nb4 c5 50. Nxa6 Ke6 51. Nc7+ Kd6 52. Nb5+ Kc6 53. c4 Kb7 54. Kd5 Ka6 55. a3 Kb7 56. Nc3 Kc7 57. Ne4 Kb7 58. Nxc5+ bxc5 59. Kxc5 1-0

[Event "Steinfurt Bezirksliga 1112"]
[Site "Germany"]
[Date "2012.05.05"]
[Round "8.4"]
[White "Welzel, Wilhelm"]
[Black "Schellmann, Mareike"]
[Result "0-1"]
[WhiteElo "1544"]
[BlackElo "1541"]
[PlyCount "106"]
[EventDate "2011.10.01"]
[EventType "team-tourn"]
[EventRounds "9"]
[EventCountry "GER"]
[SourceTitle "EXT 2013"]
[Source "ChessBase"]
[SourceDate "2012.11.22"]
[SourceVersion "1"]
[SourceVersionDate "2012.11.22"]
[SourceQuality "1"]
[WhiteTeam "Ibbenbueren II"]
[BlackTeam "Emsdetten Rochade III"]
[WhiteTeamCountry "GER"]
[BlackTeamCountry "GER"]

1. e4 c5 2. Nf3 d6 3. d4 cxd4 4. Nxd4 Nc6 5. Nc3 g6 6. Be2 Nf6 7. Be3 Bg7 8. 0-0 0-0 9. Qd2 Bd7 10. Rad1 Rc8 11. f3 Ne5 12. b3 h5 13. Bh6 Bxh6 14. Qxh6 Rxc3 15. h3 Nh7 16. f4 Nc6 17. f5 Nxd4 18. Bc4 Nxf5 19. exf5 Bxf5 20. Rxf5 gxf5 21. Qg6+ Kh8 22. Bxf7 Rxf7 23. Qxf7 Qg8 24. Qxf5 Qg5 25. Qe4 Qe3+ 26. Qxe3 Rxe3 27. Kf2 Re5 28. Rd4 Nf6 29. c4 d5 30. cxd5 Rxd5 31. Ra4 a6 32. Ke3 e5 33. Rh4 Kg7 34. Rc4 Kg6 35. Rc7 Rd7 36. Rc5 e4 37. Re5 Rd3+ 38. Ke2 Rg3 39. Kf2 Rc3 40. Ra5 Rc2+ 41. Kf1 Rb2 42. g3 Kf7 43. Re5 Rxa2 44. g4 hxg4 45. hxg4 Nxg4 46. Rxe4 Nh2+ 47. Ke1 Nf3+ 48. Kd1 Nd2 49. Re2 Nb1 50. Re3 Rh2 51. b4 Rb2 52. Rf3+ Ke6 53. Rf4 Nc3+ 0-1

[Event "Muensterland Verbandsklasse-A 1112"]
[Site "Germany"]
[Date "2012.04.21"]
[Round "8.7"]
[White "Welzel, Wilhelm"]
[Black "Pigulla, Dirk"]
[Result "0-1"]
[WhiteElo "1561"]
[BlackElo "1560"]
[PlyCount "50"]
[EventDate "2011.09.17"]
[EventType "team-tourn"]
[EventRounds "9"]
[EventCountry "GER"]
[SourceTitle "EXT 2013"]
[Source "ChessBase"]
[SourceDate "2012.11.22"]
[SourceVersion "1"]
[SourceVersionDate "2012.11.22"]
[SourceQuality "1"]
[WhiteTeam "Ibbenbueren"]
[BlackTeam "Ostbevern Westbevern II"]
[WhiteTeamCountry "GER"]
[BlackTeamCountry "GER"]

1. e4 d6 2. Nf3 Nf6 3. Nc3 g6 4. d4 Bg7 5. Bc4 0-0 6. 0-0 Nxe4 7. Bxf7+ Rxf7 8. Ng5 Nxg5 9. Bxg5 c6 10. Qd2 d5 11. Ne2 Qd6 12. Bf4 e5 13. Bg3 Qe7 14. Rae1 e4 15. Bf4 Bf5 16. h3 h5 17. Ng3 Nd7 18. f3 Re8 19. fxe4 Bxe4 20. c4 Qf8 21. c5 Bxd4+ 22. Qxd4 Rxf4 23. Nxe4 Rexe4 24. Rxe4 Rxf1+ 25. Kh2 dxe4 0-1

[Event "Steinfurt Bezirksliga 1112"]
[Site "Germany"]
[Date "2012.02.04"]
[Round "5.4"]
[White "Henschen, Daniel"]
[Black "Welzel, Wilhelm"]
[Result "1-0"]
[WhiteElo "1686"]
[BlackElo "1544"]
[PlyCount "109"]
[EventDate "2011.10.01"]
[EventType "team-tourn"]
[EventRounds "9"]
[EventCountry "GER"]
[SourceTitle "EXT 2013"]
[Source "ChessBase"]
[SourceDate "2012.11.22"]
[SourceVersion "1"]
[SourceVersionDate "2012.11.22"]
[SourceQuality "1"]
[WhiteTeam "Saerbeck II"]
[BlackTeam "Ibbenbueren II"]
[WhiteTeamCountry "GER"]
[BlackTeamCountry "GER"]

1. Nf3 c5 2. g3 Nc6 3. Bg2 Nf6 4. 0-0 g6 5. c4 Bg7 6. Nc3 0-0 7. d4 cxd4 8. Nxd4 Nxd4 9. Qxd4 d6 10. e4 a6 11. Qd3 Qc7 12. Be3 Be6 13. b3 Rac8 14. Rac1 Nd7 15. f4 Nc5 16. Qe2 f5 17. Nd5 Qd8 18. exf5 Rxf5 19. Bxc5 Bxd5 20. Bxd5+ Rxd5 21. Qe6+ Kh8 22. Qxd5 Rxc5 23. Qxb7 a5 24. Rce1 Bd4+ 25. Kg2 Rc7 26. Qd5 Bc5 27. f5 Qg8 28. Qxg8+ Kxg8 29. fxg6 hxg6 30. Re6 Kg7 31. h4 Bd4 32. Re4 Bf6 33. Kh3 Rc5 34. a3 d5 35. b4 axb4 36. axb4 Rxc4 37. Rxc4 dxc4 38. b5 Bd4 39. Rc1 c3 40. Kg4 Kf7 41. Rc2 Kf6 42. Kf4 e5+ 43. Ke4 Ke6 44. g4 Kd6 45. h5 gxh5 46. gxh5 Ke6 47. Kd3 Kd5 48. Rxc3 e4+ 49. Kc2 Ke5 50. Rc4 Be3 51. Rc6 Bd4 52. h6 Kf4 53. b6 Kf3 54. b7 Be5 55. Re6 1-0

[Event "Muensterland Verbandsklasse-A 1112"]
[Site "Germany"]
[Date "2011.10.08"]
[Round "2.7"]
[White "Welzel, Wilhelm"]
[Black "Wagner, Nils"]
[Result "1/2-1/2"]
[WhiteElo "1561"]
[BlackElo "1578"]
[PlyCount "91"]
[EventDate "2011.09.17"]
[EventType "team-tourn"]
[EventRounds "9"]
[EventCountry "GER"]
[SourceTitle "EXT 2013"]
[Source "ChessBase"]
[SourceDate "2012.11.22"]
[SourceVersion "1"]
[SourceVersionDate "2012.11.22"]
[SourceQuality "1"]
[WhiteTeam "Ibbenbueren"]
[BlackTeam "Borken"]
[WhiteTeamCountry "GER"]
[BlackTeamCountry "GER"]

1. Nf3 c5 2. e4 d6 3. d4 cxd4 4. Nxd4 Nf6 5. Nc3 a6 6. Be2 g6 7. Be3 Bg7 8. 0-0 0-0 9. Kh1 b5 10. a3 Bb7 11. f3 Nbd7 12. Qd2 Rc8 13. Rad1 Nb6 14. Nb3 Nc4 15. Bxc4 Rxc4 16. e5 Ne8 17. exd6 Nxd6 18. Bc5 Qc7 19. Bxd6 exd6 20. Qxd6 Bxc3 21. bxc3 Rxc3 22. Qxc7 Rxc7 23. Rd2 Rfc8 24. Nd4 Rc3 25. Ra1 Rd8 26. Kg1 Bc8 27. Kf2 Bf5 28. Ke1 Re3+ 29. Kf2 Rc3 30. Ke1 Re8+ 31. Kf2 Be6 32. Nxe6 Rxe6 33. Ra2 Rec6 34. Ke1 Kf8 35. Kd1 Re6 36. Rd3 Rc7 37. c3 Rce7 38. Rad2 Re1+ 39. Kc2 Ra1 40. Rd8+ Kg7 41. Kb3 Ree1 42. Ra8 Rab1+ 43. Ka2 Ra1+ 44. Kb3 Rab1+ 45. Ka2 Ra1+ 46. Kb3 1/2-1/2

[Event "Steinfurt Bezirksliga 1112"]
[Site "Germany"]
[Date "2011.10.01"]
[Round "1.4"]
[White "Welzel, Wilhelm"]
[Black "Miethe, Christoph"]
[Result "0-1"]
[WhiteElo "1544"]
[BlackElo "1611"]
[PlyCount "76"]
[EventDate "2011.10.01"]
[EventType "team-tourn"]
[EventRounds "9"]
[EventCountry "GER"]
[SourceTitle "EXT 2013"]
[Source "ChessBase"]
[SourceDate "2012.11.22"]
[SourceVersion "1"]
[SourceVersionDate "2012.11.22"]
[SourceQuality "1"]
[WhiteTeam "Ibbenbueren II"]
[BlackTeam "Neuenkirchen II"]
[WhiteTeamCountry "GER"]
[BlackTeamCountry "GER"]

1. e4 e5 2. Nf3 Nf6 3. Nc3 Nc6 4. a3 d5 5. exd5 Nxd5 6. Bc4 Nxc3 7. bxc3 Bd6 8. d4 0-0 9. 0-0 Bg4 10. Be2 e4 11. Ng5 Bf5 12. f3 exf3 13. Bxf3 Bg6 14. Rb1 Rb8 15. Ne4 Bxe4 16. Bxe4 Bxh2+ 17. Kh1 Qh4 18. Bf5 Bd6+ 19. Bh3 Qg3 20. Kg1 Qh2+ 21. Kf2 Qg3+ 22. Kg1 Qxc3 23. Bb2 Qe3+ 24. Kh1 b6 25. Rf3 Qe7 26. Qd3 Qh4 27. c3 Rbe8 28. Re3 Rxe3 29. Qxe3 Qg3 30. Qxg3 Bxg3 31. c4 h5 32. Bc3 f5 33. Rf1 g6 34. Rf3 h4 35. Kg1 Rd8 36. Kf1 Nxd4 37. Rd3 c5 38. Re3 Kf7 0-1